|
|
|
|
| LEADER |
00683nam a2200205 i 4500 |
| 001 |
publ9579 |
| 005 |
20200108153312.0 |
| 008 |
160906s1991 hu o 0|| zxx d |
| 020 |
|
|
|a 963-481-813-7
|
| 022 |
|
|
|a 1215-5640
|
| 024 |
7 |
|
|a 1363813
|2 mtmt
|
| 040 |
|
|
|a SZTE Publicatio Repozitórium
|b hun
|
| 041 |
|
|
|a zxx
|
| 100 |
1 |
|
|a Sipos Gábor
|
| 245 |
1 |
2 |
|a A kolozsvári Református Kollégium Könyvtára a XVII. században
|h [elektronikus dokumentum] /
|c Sipos Gábor
|
| 260 |
|
|
|a Scriptum Kft.
|b Szeged
|c 1991
|
| 300 |
|
|
|a 116
|
| 490 |
0 |
|
|a Olvasmánytörténeti Dolgozatok
|
| 700 |
0 |
1 |
|a Monok István
|e aut
|
| 856 |
4 |
0 |
|u http://publicatio.bibl.u-szeged.hu/9579/1/otd_001.pdf
|z Dokumentum-elérés
|